| 000 | 00658nam a2200133Ia 4500 | ||
|---|---|---|---|
| 008 | 171212s9999 xx 000 0 und d | ||
| 020 | _a9780833039156 | ||
| 100 | _aCragin, Kim;Chalk, Peter;Daly, Sara A.;Jackson, Brian A.;Peter Chalk, ;Sara A. Daly, ;Brian A. Jackson, | ||
| 245 |
_cCragin, Kim;Chalk, Peter;Daly, Sara A.;Jackson, Brian A.;Peter Chalk, ;Sara A. Daly, ;Brian A. Jackson, _aSharing the Dragon's Teeth _bTerrorist Groups and the Exchange of New Technologies |
||
| 260 |
_bRAND Corporation _c2007 |
||
| 650 | _aPolitical Science | ||
| 650 | _aTerrorism; Terrorism -- Technological innovations | ||
| 856 | _uwww.jstor.org/stable/10.7249/mg485dhs | ||
| 999 |
_c352537 _d352537 |
||